Textiles Otomies (Record no. 10197)

MARC details
000 -CABECERA
campo de control de longitud fija 01082nam a2200301 a 4500
001 - NÚMERO DE CONTROL
campo de control BRL_1386
005 - FECHA Y HORA DE LA ÚLTIMA TRANSACCIÓN
campo de control 20190320211159.0
008 - DATOS DE LONGITUD FIJA--INFORMACIÓN GENERAL
campo de control de longitud fija 100114s1991----mx-ab#####---#000-0#spa-#
020 ## - NÚMERO INTERNACIONAL ESTÁNDAR DEL LIBRO
Número Internacional Estándar del Libro 9686487913
041 ## - CÓDIGO DE LENGUA
Código de lengua del texto/banda sonora o título independiente spa
044 ## - CÓDIGO DEL PAÍS DE LA ENTIDAD EDITORA/PRODUCTORA
Código MARC del país mx
050 #4 - SIGNATURA TOPOGRÁFICA DE LA BIBLIOTECA DEL CONGRESO
Número de clasificación F1221.O86
Número de documento/Ítem .V43 1991
100 1# - ENTRADA PRINCIPAL--NOMBRE DE PERSONA
Nombre de persona Oliver Vega, Beatriz
9 (RLIN) 26727
245 10 - MENCIÓN DE TÍTULO
Título Textiles Otomies
Mención de responsabilidad, etc. Beatriz Oliver Vega [y] Lydia Salazar Medina ; fotografía Gonzalo Gómez C....[et al.] ; ilustraciones Eduardo Pérez ...[et al.]
260 ## - PUBLICACIÓN, DISTRIBUCIÓN, ETC.
Lugar de publicación, distribución, etc. México
Nombre del editor, distribuidor, etc. INAH
Fecha de publicación, distribución, etc. 1991
300 ## - DESCRIPCIÓN FÍSICA
Extensión 135 p.
Otras características físicas il., mapas
Dimensiones 28 cm.
500 ## - NOTA GENERAL
Nota general Au1615
500 ## - NOTA GENERAL
Nota general En la parte inferior de la portada ´Catálogo de las colecciones etnograficas del Museo Nacional de Antropología´
504 ## - NOTA DE BIBLIOGRAFÍA, ETC.
Nota de bibliografía, etc. Bibliografía: p. 33
650 14 - PUNTO DE ACCESO ADICIONAL DE MATERIA--TÉRMINO DE MATERIA
Término de materia o nombre geográfico como elemento de entrada Telas otomíes
Subdivisión de forma Catálogos
9 (RLIN) 26728
650 14 - PUNTO DE ACCESO ADICIONAL DE MATERIA--TÉRMINO DE MATERIA
Término de materia o nombre geográfico como elemento de entrada Textiles otomíes
Subdivisión de forma Catálogos
9 (RLIN) 26729
650 14 - PUNTO DE ACCESO ADICIONAL DE MATERIA--TÉRMINO DE MATERIA
Término de materia o nombre geográfico como elemento de entrada Otomíes
Subdivisión de forma Catálogos
Subdivisión general Ropa
9 (RLIN) 26730
700 1# - PUNTO DE ACCESO ADICIONAL--NOMBRE DE PERSONA
Nombre de persona Salazar Medina, Lydia
Término indicativo de función/relación coaut.
9 (RLIN) 26731
700 1# - PUNTO DE ACCESO ADICIONAL--NOMBRE DE PERSONA
Nombre de persona Gómez C., Gonzalo
Término indicativo de función/relación il.
9 (RLIN) 26732
700 1# - PUNTO DE ACCESO ADICIONAL--NOMBRE DE PERSONA
Nombre de persona Pérez, Eduardo
Término indicativo de función/relación il.
9 (RLIN) 26733
902 ## - CATALOGADOR
Iniciales GRL
942 ## - ELEMENTOS DE PUNTO DE ACCESO ADICIONAL (KOHA)
Fuente del sistema de clasificación o colocación Library of Congress Classification
Tipo de ítem Koha Libros
Holdings
Estado de retiro Estado de pérdida Estado dañado No para préstamo Localización permanente Ubicación/localización actual Fecha de adquisición Número de inventario Total de préstamos Signatura topográfica completa Código de barras Fecha visto por última vez Precio válido a partir de Tipo de ítem Koha
El ejemplar forma parte de la colección y puede ser consultado según las políticas vigentes.       Biblioteca Centro de Estudios Ruth D. Lechuga Biblioteca Centro de Estudios Ruth D. Lechuga 10/01/2014 Au1615   F1221.O86 .V43 1991 (Au1615) GRL01544 22/03/2019 22/03/2019 Libros